000 00554nam a2200181Ia 4500
008 090630s9999 xx 000 0 und d
082 _b18800
100 _aवर्तक उषा.
245 _aजखमी चेहरा.
_cवर्तक उषा.
260 _bशकुन - पुणे.
300 _a16
600 _aवर्तक उषा.
630 _aजखमी चेहरा.
655 _aबालवाङमय.
700 _aवर्तक उषा.
730 _aजखमी चेहरा.
942 _cBOOK
999 _c270656
_d270656